| 000 | 00503nam a2200181Ia 4500 | ||
|---|---|---|---|
| 008 | 230917s9999||||xx |||||||||||||| ||und|| | ||
| 020 | _cUSD47.95 | ||
| 040 |
_e240757 _aMAIN |
||
| 041 | _aEnglish | ||
| 082 | _a642.4 M429C(2) | ||
| 100 | _aMattel, Bruce | ||
| 245 | 0 | _aCatering: A guide to managing a successful business operation | |
| 250 | _a2nd ed. | ||
| 260 |
_aHoboken _bJohn Wiley _c2016 |
||
| 300 | _axiv, 304 p. | ||
| 500 | _a2751 27/06/2017 PBA17/409 28/06/2017 Main Budget | ||
| 942 | _cBK | ||
| 999 |
_c22895 _d22895 |
||